[Event "Cto Aragón Equipos Div Honor Gr I"]
[Site "Aragon"]
[Date "2014.02.08"]
[Round "3.9"]
[White "Guetas Sanchez, Hugo"]
[Black "Villuendas Valero, Adrian"]
[Result "0-1"]
[WhiteElo "2154"]
[BlackElo "2276"]
[PlyCount "97"]
[EventDate "2014.??.??"]
[EventCountry "ESP"]
[WhiteTeam "L´Aurora Estadilla"]
[BlackTeam "St. Casablanca B"]

1. e4 e6 2. b3 d5 3. Bb2 dxe4 4. Nc3 Nf6 5. g4 h6 6. Bg2 Nc6 7. Nxe4 Nxe4 8.
Bxe4 Bd7 9. Qf3 Qe7 10. O-O-O O-O-O 11. Kb1 h5 12. h3 hxg4 13. hxg4 Rxh1 14.
Qxh1 Qg5 15. Nf3 Qb5 16. Nd4 Nxd4 17. Bxd4 Kb8 18. c4 Qa6 19. Qh4 f6 20. Bc3
Qd6 21. Qh1 Bc8 22. Qf3 e5 23. Rh1 Qe6 24. Bf5 Qg8 25. Bh7 Qe6 26. Bf5 Qg8 27.
Qe4 Bc5 28. f3 Bd4 29. Bxc8 Kxc8 30. Qf5+ Kb8 31. Qg6 Bxc3 32. dxc3 a6 33. Rh7
Rd1+ 34. Kc2 Qd8 35. Rh2 Ra1 36. Kb2 Qd1 37. Rc2 Rb1+ 38. Ka3 Qd6+ 39. Ka4 Qd7+
40. Ka3 Qe7+ 41. Ka4 Ka7 42. Rd2 Ra1 43. Qe4 Qc5 44. b4 Qe7 45. Qe3+ Kb8 46.
Rh2 Rd1 47. Rh8+ Rd8 48. Rxd8+ Qxd8 49. Ka3 {tiempo del blanco.} 0-1

[Event "Cto Aragón Equipos Div Honor Gr I"]
[Site "Aragon"]
[Date "2014.02.08"]
[Round "3.10"]
[White "Gimenez Martinez, Alberto"]
[Black "Solano Lasierra, Javier"]
[Result "0-1"]
[WhiteElo "2180"]
[BlackElo "2181"]
[PlyCount "64"]
[EventDate "2014.??.??"]
[EventCountry "ESP"]
[WhiteTeam "St. Casablanca B"]
[BlackTeam "L´Aurora Estadilla"]

1. e4 e6 2. d4 d5 3. e5 c5 4. c3 Qb6 5. Nf3 Bd7 6. Be2 cxd4 7. cxd4 Bb5 8. Qb3
Bxe2 9. Qxb6 axb6 10. Kxe2 b5 11. Nc3 b4 12. Nb5 Kd7 13. Bd2 Nc6 14. Rhb1 Ra5
15. a4 Nh6 16. Rc1 Be7 17. b3 f6 18. Rc2 Nf7 19. Re1 g5 20. exf6 Bxf6 21. Kd3
g4 22. Ng1 e5 23. dxe5 Nfxe5+ 24. Ke2 Rxb5 25. axb5 Nd4+ 26. Kd1 Nd3 27. Rf1
Ra8 28. Ne2 Ra1+ 29. Nc1 Nxb3 30. Ra2 Rb1 31. Kc2 Nxd2 32. Nxd3 b3+ 0-1

[Event "Cto Aragón Equipos Div Honor Gr I"]
[Site "Aragon"]
[Date "2014.02.08"]
[Round "3.11"]
[White "Escuer Sanchez, Nestor"]
[Black "Labena Bernal, Antonio"]
[Result "0-1"]
[WhiteElo "2047"]
[BlackElo "2091"]
[PlyCount "93"]
[EventDate "2014.??.??"]
[EventCountry "ESP"]
[WhiteTeam "L´Aurora Estadilla"]
[BlackTeam "St. Casablanca B"]

1. e4 e5 2. Nf3 Nc6 3. Bc4 Nf6 4. Ng5 d5 5. exd5 Na5 6. Bb5+ c6 7. dxc6 bxc6 8.
Bd3 h6 9. Ne4 Nd5 10. O-O Be7 11. Re1 O-O 12. Ng3 Nf4 13. Bf1 Ng6 14. Qh5 Qb6
15. Nc3 Bg5 16. Nge4 Nf4 17. Qd1 Be7 18. Na4 Qc7 19. d3 Ne6 20. Be3 Nb7 21. f3
Bd7 22. Nac3 f5 23. Nd2 Nd6 24. Nb3 Nb5 25. Nxb5 cxb5 26. d4 Bd6 27. d5 Ng5 28.
h4 Nf7 29. Rc1 e4 30. c4 Bh2+ 31. Kh1 Bg3 32. cxb5 Qd8 33. Bc4 Qxh4+ 34. Kg1 f4
35. Bd4 Ng5 36. d6+ Kh7 37. Kf1 exf3 38. gxf3 Qh1+ 39. Ke2 Rfe8+ 40. Kd2 Bxe1+
41. Kc2 Qg2+ 42. Kb1 Qxf3 43. Bd3+ Kh8 44. Nc5 Qxd1 45. Rxd1 Bg4 46. Rc1 Bd2
47. Rg1 0-1

[Event "Cto Aragón Equipos Div Honor Gr I"]
[Site "Aragon"]
[Date "2014.02.08"]
[Round "3.12"]
[White "Bellosta Lopez, Pablo"]
[Black "Pellicer Cemeli, Jose Luis"]
[Result "1/2-1/2"]
[WhiteElo "2071"]
[BlackElo "2075"]
[PlyCount "94"]
[EventDate "2014.??.??"]
[EventCountry "ESP"]
[WhiteTeam "St. Casablanca B"]
[BlackTeam "L´Aurora Estadilla"]

1. e4 e6 2. d4 d5 3. Nd2 Be7 4. Be2 Nf6 5. e5 Nfd7 6. f4 c5 7. Ngf3 b6 8. c4
Bb7 9. O-O f5 10. Qe1 O-O 11. dxc5 Nxc5 12. b4 Ne4 13. Nb3 Na6 14. a3 Nc7 15.
Be3 dxc4 16. Bxc4 Bd5 17. Bxd5 Nxd5 18. Nfd2 Nxd2 19. Qxd2 Qd7 20. Rfd1 Rfd8
21. Bf2 Rac8 22. Rac1 Rxc1 23. Rxc1 Rc8 24. Nd4 Kf7 25. Rxc8 Qxc8 26. Nxf5 Qc4
27. Nd4 a5 28. bxa5 bxa5 29. f5 Bxa3 30. Nxe6 Qc1+ 31. Qxc1 Bxc1 32. Nc5 Be3
33. Na4 g6 34. f6 Bf4 35. Bd4 Be3+ 36. Bxe3 Nxe3 37. Nb6 Ng4 38. Nc4 a4 39. h3
a3 40. Nxa3 Nxe5 41. Nb5 Kxf6 42. Kf2 h5 43. Nd6 g5 44. Ne4+ Kg6 45. Nd2 Nd3+
46. Ke3 Nf4 47. Kf3 Nxh3 1/2-1/2

[Event "Cto Aragón Equipos Div Honor Gr I"]
[Site "Aragon"]
[Date "2014.02.08"]
[Round "3.13"]
[White "Galve Guinea, Alejandro"]
[Black "Garcia Fernandez, Javier"]
[Result "0-1"]
[WhiteElo "2037"]
[BlackElo "2174"]
[PlyCount "44"]
[EventDate "2014.??.??"]
[EventCountry "ESP"]
[WhiteTeam "El Olivar B"]
[BlackTeam "Teruel"]

1. d4 Nf6 2. Nf3 e6 3. c4 d5 4. Nc3 c6 5. Bg5 dxc4 6. e4 b5 7. e5 h6 8. Bh4 g5
9. Nxg5 hxg5 10. Bxg5 Be7 11. exf6 Bxf6 12. Bxf6 Qxf6 13. g3 Na6 14. Bg2 Bb7
15. Nxb5 O-O-O 16. Nxa7+ Kb8 17. Nxc6+ Bxc6 18. Bxc6 Nb4 19. Be4 Rxd4 20. Qe2
Rxe4 21. Qxe4 Nd3+ 22. Ke2 Qxb2+ 0-1

[Event "Cto Aragón Equipos Div Honor Gr I"]
[Site "Aragon"]
[Date "2014.02.08"]
[Round "3.14"]
[White "Dominguez Bujeda, Jesus"]
[Black "Sarto Ramos, Angel"]
[Result "1-0"]
[WhiteElo "2171"]
[BlackElo "1963"]
[PlyCount "121"]
[EventDate "2014.??.??"]
[EventCountry "ESP"]
[WhiteTeam "Teruel"]
[BlackTeam "El Olivar B"]

1. d4 d5 2. c4 e6 3. Nc3 Nf6 4. cxd5 exd5 5. Bg5 Be7 6. e3 c6 7. Qc2 O-O 8. Bd3
Nbd7 9. Nf3 Re8 10. h3 Nf8 11. Bf4 Ng6 12. Bh2 Bd6 13. Bxd6 Qxd6 14. O-O-O b5
15. Kb1 a5 16. Rc1 a4 17. g4 a3 18. b3 b4 19. Na4 Ba6 20. Nc5 Bxd3 21. Nxd3 Ne4
22. Qxc6 Qe7 23. Qxd5 Nc3+ 24. Rxc3 bxc3 25. Nc5 Ra5 26. Rc1 Nf4 27. Qf5 Nxh3
28. Rxc3 g6 29. Qc2 Qf6 30. e4 Qf4 31. e5 Qxg4 32. Ne4 Ra6 33. Qd3 Qf5 34. Nh4
Nxf2 35. Nxf5 Nxd3 36. Nfd6 Rxe5 37. dxe5 Nxe5 38. Rc8+ Kg7 39. Ne8+ Kh6 40.
N8f6 g5 41. Rc5 Nf3 42. Rf5 Nh4 43. Ng4+ Kg7 44. Rxg5+ Rg6 45. b4 f5 46. Rxg6+
hxg6 47. b5 fxe4 48. b6 Nf3 49. b7 g5 50. b8=Q Kg6 51. Ne5+ Kf5 52. Nxf3 exf3
53. Qg3 Ke4 54. Qg4+ Ke3 55. Qxg5+ Kf2 56. Kc2 Kf1 57. Kb3 f2 58. Kxa3 Ke2 59.
Qe5+ Kf1 60. Kb4 Kg1 61. Qg3+ 1-0

[Event "Cto Aragón Equipos Div Honor Gr I"]
[Site "Aragon"]
[Date "2014.02.08"]
[Round "3.15"]
[White "De La Riva Fernandez, Eduardo"]
[Black "Martin Catalan, Juan Vicente"]
[Result "0-1"]
[WhiteElo "1965"]
[BlackElo "2102"]
[PlyCount "56"]
[EventDate "2014.??.??"]
[EventCountry "ESP"]
[WhiteTeam "El Olivar B"]
[BlackTeam "Teruel"]

1. e4 c5 2. Nf3 g6 3. d4 cxd4 4. Qxd4 Nf6 5. e5 Nc6 6. Qa4 Nd5 7. Qe4 Nb6 8.
Bf4 Bg7 9. c3 d5 10. exd6 Bf5 11. dxe7 Qd7 12. Qe3 Nd5 13. Qd2 Qxe7+ 14. Be3
O-O-O 15. Be2 Nxc3 16. Qc1 Nxe2 17. Kxe2 Bd3+ 18. Ke1 f5 19. Nc3 f4 20. Nd1
Rhe8 21. a4 fxe3 22. fxe3 g5 23. h3 Kb8 24. Kf2 h5 25. Re1 g4 26. hxg4 hxg4 27.
Nh2 Qh4+ 28. Kg1 Qxe1+ 0-1

[Event "Cto Aragón Equipos Div Honor Gr I"]
[Site "Aragon"]
[Date "2014.02.08"]
[Round "3.16"]
[White "Barcena Laguia, Francisco"]
[Black "Hernandez Delgado, Gabriel"]
[Result "1-0"]
[WhiteElo "1913"]
[BlackElo "1931"]
[PlyCount "67"]
[EventDate "2014.??.??"]
[EventCountry "ESP"]
[WhiteTeam "Teruel"]
[BlackTeam "El Olivar B"]

1. d4 c5 2. d5 d6 3. e4 g6 4. Nf3 Bg7 5. c4 e6 6. Nc3 Ne7 7. Be2 O-O 8. O-O
exd5 9. exd5 h6 10. Bf4 g5 11. Be3 f5 12. Bxg5 hxg5 13. Nxg5 Ng6 14. Ne6 Bxe6
15. dxe6 Nc6 16. Bh5 Rf6 17. Re1 Nce5 18. g3 Ne7 19. f4 Ng4 20. Bxg4 fxg4 21.
Qxg4 Rg6 22. Qf3 Bxc3 23. bxc3 Rb8 24. Rad1 b5 25. cxb5 Rxb5 26. f5 Rf6 27. g4
c4 28. Qf4 Qb6+ 29. Kg2 Qb7+ 30. Kg3 Nxf5+ 31. gxf5 Rfxf5 32. e7 Rg5+ 33. Qxg5+
Rxg5+ 34. Kh4 1-0

[Event "Cto Aragón Equipos Div Honor Gr II"]
[Site "Aragon"]
[Date "2014.02.08"]
[Round "3.17"]
[White "Salamero Pelay, Fernando"]
[Black "Del Rey, Diego"]
[Result "1/2-1/2"]
[WhiteElo "2149"]
[BlackElo "2373"]
[PlyCount "79"]
[EventDate "2014.??.??"]
[EventCountry "ESP"]
[WhiteTeam "Club atletismo Huesca"]
[BlackTeam "El Olivar"]

1. e4 e5 2. f4 d5 3. exd5 exf4 4. Nf3 Nf6 5. Bb5+ c6 6. dxc6 Nxc6 7. d4 Bd6 8.
O-O O-O 9. Nbd2 Bg4 10. c3 Rc8 11. Bd3 Re8 12. Re1 Qd7 13. Ne4 Nxe4 14. Rxe4
Bf5 15. Rxe8+ Rxe8 16. Qf1 h6 17. Bd2 g5 18. Re1 Re7 19. b4 Rxe1 20. Nxe1 Bf8
21. Bxf5 Qxf5 22. Qd3 Qd5 23. a4 a6 24. h4 Be7 25. Nf3 b5 26. axb5 axb5 27. Qe2
Kg7 28. Ne1 f5 29. Nd3 Qe4 30. Qf3 Bd6 31. Qf1 Ne7 32. Nc5 Qc2 33. Qe2 Bxc5 34.
bxc5 Kf7 35. hxg5 hxg5 36. c6 Nxc6 37. Qxb5 Qd1+ 38. Kh2 Qh5+ 39. Kg1 Qd1+ 40.
Kh2 1/2-1/2

[Event "Cto Aragón Equipos Div Honor Gr II"]
[Site "Aragon"]
[Date "2014.02.08"]
[Round "3.18"]
[White "Chueca Forcen, Alberto"]
[Black "Luis Vitalla, Fernando"]
[Result "1-0"]
[WhiteElo "2326"]
[BlackElo "2135"]
[PlyCount "41"]
[EventDate "2014.??.??"]
[EventCountry "ESP"]
[WhiteTeam "El Olivar"]
[BlackTeam "Club atletismo Huesca"]

1. e4 c5 2. d4 cxd4 3. c3 Nf6 4. e5 Nd5 5. cxd4 Nc6 6. Nf3 d6 7. a3 e6 8. Bd3
dxe5 9. dxe5 Qc7 10. O-O Nxe5 11. Nxe5 Qxe5 12. Bb5+ Bd7 13. Bxd7+ Kxd7 14.
Qa4+ Kd8 15. Nc3 Bd6 16. g3 Nxc3 17. bxc3 g5 18. Be3 Qf5 19. Rab1 Kc7 20. Qc4+
Kb8 21. Qc6 1-0

[Event "Cto Aragón Equipos Div Honor Gr II"]
[Site "Aragon"]
[Date "2014.02.08"]
[Round "3.19"]
[White "Gella Lopez, Angel"]
[Black "Hernando Garcia, Antonio"]
[Result "1/2-1/2"]
[WhiteElo "2084"]
[BlackElo "2185"]
[PlyCount "61"]
[EventDate "2014.??.??"]
[EventCountry "ESP"]
[WhiteTeam "Club atletismo Huesca"]
[BlackTeam "El Olivar"]

1. e4 d5 2. exd5 Qxd5 3. Nc3 Qd8 4. d4 c6 5. Nf3 Bg4 6. Be2 Bxf3 7. Bxf3 e6 8.
O-O Nf6 9. Bg5 Be7 10. Re1 O-O 11. a4 Nbd7 12. a5 a6 13. Ne4 Nxe4 14. Bxe7 Qxe7
15. Rxe4 Rfd8 16. c3 Nf6 17. Re5 Rd6 18. Qb3 Qc7 19. Qc4 Rad8 20. b4 Qb8 21.
Rae1 R6d7 22. g3 Qd6 23. h4 Qf8 24. Kg2 g6 25. h5 Qh6 26. hxg6 hxg6 27. Rh1 Qd2
28. Re2 Qg5 29. Re5 Qd2 30. Re2 Qg5 31. Re5 1/2-1/2

[Event "Cto Aragón Equipos Div Honor Gr II"]
[Site "Aragon"]
[Date "2014.02.08"]
[Round "3.21"]
[White "Sierra Aguerri, Joaquin"]
[Black "Mimbela Lopez, Miguel A"]
[Result "1-0"]
[WhiteElo "2018"]
[BlackElo "2173"]
[PlyCount "127"]
[EventDate "2014.??.??"]
[EventCountry "ESP"]
[WhiteTeam "Tauste"]
[BlackTeam "Agrupacion"]

1. e4 e5 2. Nf3 Nc6 3. Bc4 Bc5 4. d4 exd4 5. Ng5 Nh6 6. Nxf7 Nxf7 7. Bxf7+ Kxf7
8. Qh5+ g6 9. Qxc5 d6 10. Qc4+ Be6 11. Qe2 Qh4 12. Nd2 Ne5 13. O-O Kg7 14. f4
Nc6 15. Nf3 Qh5 16. Qd3 Qc5 17. b3 Qc3 18. Bd2 Qxd3 19. cxd3 a5 20. h3 Rhf8 21.
g4 Bg8 22. Kf2 Ra6 23. Rfc1 Rb6 24. Rc2 Rb5 25. Rac1 Bf7 26. Ke2 Ra8 27. f5 a4
28. b4 a3 29. Rxc6 bxc6 30. Nxd4 Bxa2 31. Nxb5 cxb5 32. Rxc7+ Bf7 33. Bc3+ Kf8
34. f6 a2 35. Ba1 Ra3 36. Rc8+ Be8 37. Rc3 Rxc3 38. Bxc3 Bf7 39. Ke3 Be6 40.
Kd4 Ke8 41. Ke3 Kd7 42. Kf4 h6 43. h4 Kc6 44. g5 h5 45. d4 Kd7 46. d5 Bf7 47.
Ke3 Ke8 48. Kd3 Kd8 49. Kc2 Be8 50. Kb2 Bd7 51. Kxa2 Ke8 52. Kb2 Bg4 53. Kc2
Bf3 54. Kd3 Bg4 55. Bd2 Kd7 56. Bf4 Bd1 57. Kd4 Bg4 58. f7 Ke7 59. Bxd6+ Kxf7
60. Kc5 Be2 61. e5 Bc4 62. Bc7 Ke7 63. Kc6 Ke8 64. Kd6 1-0

[Event "Cto Aragón Equipos Div Honor Gr II"]
[Site "Aragon"]
[Date "2014.02.08"]
[Round "3.22"]
[White "Carruez Berges, Santiago"]
[Black "Sancho Casale, Jesus"]
[Result "1/2-1/2"]
[WhiteElo "2144"]
[BlackElo "1968"]
[PlyCount "104"]
[EventDate "2014.??.??"]
[EventCountry "ESP"]
[WhiteTeam "Agrupacion"]
[BlackTeam "Tauste"]

1. e4 e5 2. Nf3 Nf6 3. Nxe5 d6 4. Nf3 Nxe4 5. Qe2 Qe7 6. d3 Nf6 7. Bg5 Nbd7 8.
Nc3 Qxe2+ 9. Bxe2 c6 10. O-O-O Be7 11. d4 d5 12. Rhe1 Nf8 13. Ne5 Ne6 14. Bh4
h5 15. h3 g5 16. Bg3 Bb4 17. Bf3 Rg8 18. Rd3 Kf8 19. a3 Ba5 20. Red1 g4 21. Be2
Ng5 22. hxg4 hxg4 23. b4 Bb6 24. f3 gxf3 25. gxf3 Bf5 26. Re3 Nh5 27. Bh2 Re8
28. f4 Ne4 29. Nxe4 dxe4 30. Bxh5 Rh8 31. Bxf7 Re7 32. Bg3 Rxf7 33. Nxf7 Kxf7
34. c3 Bg4 35. Rxe4 Bxd1 36. Kxd1 Rh3 37. Re3 Bd8 38. Ke2 Bh4 39. Kf2 Rh2+ 40.
Kg1 Bxg3 41. Rxg3 Ra2 42. Rh3 Kg6 43. Kf1 Kf5 44. Ke1 Kxf4 45. Kd1 Ke4 46. Kc1
a5 47. bxa5 Rxa3 48. Rh7 Rxc3+ 49. Kb2 Rc4 50. Rxb7 Ra4 51. Rb6 Rxa5 52. Rxc6
Kxd4 1/2-1/2

[Event "Cto Aragón Equipos Div Honor Gr II"]
[Site "Aragon"]
[Date "2014.02.08"]
[Round "3.23"]
[White "Bogomilov Georgiev, Georgi Ii"]
[Black "Mimbela Lopez, Luis"]
[Result "1-0"]
[WhiteElo "1931"]
[BlackElo "2084"]
[PlyCount "70"]
[EventDate "2014.??.??"]
[EventCountry "ESP"]
[WhiteTeam "Tauste"]
[BlackTeam "Agrupacion"]

1. d4 Nf6 2. Bf4 g6 3. e3 Bg7 4. Nf3 O-O 5. Be2 d6 6. O-O Nbd7 7. c3 Qe8 8.
Nbd2 e5 9. Bg3 Nh5 10. Bh4 Bf6 11. Bxf6 Nhxf6 12. b4 e4 13. Ne1 a5 14. b5 d5
15. c4 dxc4 16. Nxc4 Nd5 17. Qd2 b6 18. f3 N7f6 19. Ne5 Bf5 20. Bc4 Rd8 21. g4
Be6 22. g5 Nd7 23. Nxd7 Qxd7 24. Rc1 exf3 25. Nxf3 Bh3 26. Ne5 Qe7 27. Rf3
Qxg5+ 28. Rg3 Qh5 29. e4 Ne7 30. Qf4 Be6 31. d5 Nxd5 32. exd5 Bxd5 33. Bf1 Rfe8
34. Rg5 Qh6 35. Ng4 Qg7 1-0

[Event "Cto Aragón Equipos Div Honor Gr II"]
[Site "Aragon"]
[Date "2014.02.08"]
[Round "3.24"]
[White "Larrosa Poves, Jose Manuel"]
[Black "Muro Turon, Raul"]
[Result "1-0"]
[WhiteElo "1990"]
[BlackElo "1870"]
[PlyCount "57"]
[EventDate "2014.??.??"]
[EventCountry "ESP"]
[WhiteTeam "Agrupacion"]
[BlackTeam "Tauste"]

1. d4 Nf6 2. c4 e6 3. g3 d5 4. Nf3 dxc4 5. Bg2 c5 6. Na3 Nc6 7. Nxc4 cxd4 8.
O-O Be7 9. Bf4 O-O 10. Nfe5 Nxe5 11. Bxe5 Nd5 12. Bxd4 Bd7 13. Qb3 b5 14. Ne5
Bd6 15. Nxd7 Qxd7 16. Bxd5 exd5 17. Qxd5 Rfd8 18. Rfd1 Qe7 19. Qf3 a5 20. Qg4
f6 21. Rac1 Be5 22. Qe4 Qb4 23. e3 Bxd4 24. Rxd4 Qxb2 25. Rcd1 Re8 26. Qd5+ Kf8
27. Qh5 Kg8 28. Rd7 Qe5 29. Qf7+ 1-0

[Event "Cto Aragón Equipos Div Honor Gr II"]
[Site "Aragon"]
[Date "2014.02.08"]
[Round "3.25"]
[White "Gavin Roche, Enrique"]
[Black "Llanes Luno, Ricardo"]
[Result "1-0"]
[WhiteElo "2243"]
[BlackElo "2193"]
[PlyCount "63"]
[EventDate "2014.??.??"]
[EventCountry "ESP"]
[WhiteTeam "ONCE CA Aragon"]
[BlackTeam "Delicias"]

1. d4 f5 2. c4 Nf6 3. g3 g6 4. Bg2 Bg7 5. Nc3 O-O 6. Nh3 d6 7. d5 c6 8. Nf4 Na6
9. dxc6 bxc6 10. Bxc6 Rb8 11. O-O g5 12. Bd5+ Nxd5 13. Qxd5+ Kh8 14. Ne6 Bxe6
15. Qxe6 Nc5 16. Qd5 e6 17. Qd2 f4 18. Rb1 Be5 19. b3 fxg3 20. hxg3 Qf6 21. Bb2
Qf5 22. Nb5 Ne4 23. Bxe5+ Qxe5 24. Qe3 Rf6 25. Nxd6 Qxd6 26. Qxe4 Rbf8 27. Rbd1
Qb6 28. Rd7 R8f7 29. Rxf7 Rxf7 30. Qe5+ Rg7 31. Rd1 h6 32. Rd7 1-0

[Event "Cto Aragón Equipos Div Honor Gr II"]
[Site "Aragon"]
[Date "2014.02.08"]
[Round "3.26"]
[White "Roche Simon, Manuel Angel"]
[Black "Campos Hernandez, Antonio"]
[Result "0-1"]
[WhiteElo "2142"]
[BlackElo "2173"]
[PlyCount "64"]
[EventDate "2014.??.??"]
[EventCountry "ESP"]
[WhiteTeam "Delicias"]
[BlackTeam "ONCE CA Aragon"]

1. e4 c5 2. Nf3 a6 3. Nc3 b5 4. d4 cxd4 5. Nxd4 Bb7 6. Bd3 e6 7. O-O Nf6 8. e5
Nd5 9. Nxd5 Bxd5 10. Qe2 Qb6 11. Nb3 Qb7 12. Na5 Qc7 13. c4 Bxg2 14. Kxg2 Qxa5
15. cxb5 axb5 16. Bxb5 Nc6 17. Rd1 Bc5 18. Bxc6 dxc6 19. Bd2 Bb4 20. Qe4 Bxd2
21. Qxc6+ Kf8 22. Qd6+ Kg8 23. Rxd2 h5 24. b4 Qb5 25. a3 Rh6 26. Rd3 h4 27. Rc1
Rg6+ 28. Kf3 Rg5 29. Rc5 Qb7+ 30. Ke3 Qh1 31. Qe7 Qe1+ 32. Kd4 Rg4+ 0-1

[Event "Cto Aragón Equipos Div Honor Gr II"]
[Site "Aragon"]
[Date "2014.02.08"]
[Round "3.27"]
[White "Laliena Solanes, Luis"]
[Black "Llanes Luno, Pedro Alfredo"]
[Result "0-1"]
[WhiteElo "2147"]
[BlackElo "2127"]
[PlyCount "58"]
[EventDate "2014.??.??"]
[EventCountry "ESP"]
[WhiteTeam "ONCE CA Aragon"]
[BlackTeam "Delicias"]

1. d4 Nf6 2. Nc3 d5 3. Bg5 g6 4. Qd2 Bg7 5. Bh6 O-O 6. f3 Bxh6 7. Qxh6 c5 8. e3
cxd4 9. exd4 Nc6 10. O-O-O a6 11. h4 Qb6 12. h5 g5 13. Bd3 Qa5 14. Nge2 Be6 15.
Qxg5+ Kh8 16. g4 Rac8 17. Qh6 Nb4 18. Kb1 b5 19. Nf4 Rg8 20. g5 Rxc3 21. bxc3
Qxa2+ 22. Kc1 Nxd3+ 23. Nxd3 Bf5 24. Rhe1 Nd7 25. Rxe7 Qa3+ 26. Kd2 Qxe7 27. f4
Qe6 28. Ne5 Nxe5 29. Qxe6 Nc4+ 0-1

[Event "Cto Aragón Equipos Div Honor Gr II"]
[Site "Aragon"]
[Date "2014.02.08"]
[Round "3.28"]
[White "Campo Millan, Diego"]
[Black "Latorre Abad, Fernando"]
[Result "1-0"]
[WhiteElo "2069"]
[BlackElo "2069"]
[PlyCount "101"]
[EventDate "2014.??.??"]
[EventCountry "ESP"]
[WhiteTeam "Delicias"]
[BlackTeam "ONCE CA Aragon"]

1. e4 c5 2. Nc3 e6 3. g3 Nc6 4. Bg2 g6 5. d3 Bg7 6. f4 Nge7 7. Nf3 d6 8. O-O
O-O 9. Be3 b5 10. e5 Nd5 11. Nxd5 exd5 12. d4 c4 13. Ng5 Ne7 14. c3 Bf5 15. g4
Bd3 16. Rf2 h6 17. Nf3 Be4 18. Qd2 Kh7 19. Raf1 Qd7 20. h3 f5 21. exf6 Bxf6 22.
g5 hxg5 23. fxg5 Bg7 24. Nh4 Bxg2 25. Kxg2 Qe6 26. Rf4 Rae8 27. Bg1 Nf5 28.
Nxf5 Rxf5 29. Rh4+ Kg8 30. Rxf5 Qxf5 31. Rg4 Re4 32. Rg3 Qe6 33. Bf2 Re2 34.
Qc1 Qe4+ 35. Rf3 Rc2 36. Qd1 Rxb2 37. a4 Rb1 38. Qd2 bxa4 39. Qa2 Rc1 40. Kg3
Qc2 41. Qa3 Qb3 42. Qxc1 a3 43. Be3 a2 44. Rf1 a5 45. Kg2 a4 46. Qa1 a3 47. Rf2
Qb1 48. Qxa2 Qe4+ 49. Rf3 Qd3 50. Qxa3 Qe2+ 51. Bf2 1-0

[Event "Cto Aragón Equipos Div Honor Gr II"]
[Site "Aragon"]
[Date "2014.02.08"]
[Round "3.29"]
[White "Lana Rodriguez, David"]
[Black "Adla, Diego"]
[Result "0-1"]
[WhiteElo "2309"]
[BlackElo "2471"]
[PlyCount "83"]
[EventDate "2014.??.??"]
[EventCountry "ESP"]
[WhiteTeam "Helios"]
[BlackTeam "St. Casablanca"]

1. e4 c5 2. Nf3 e6 3. c3 d5 4. exd5 Qxd5 5. d4 Nf6 6. Bb5+ Bd7 7. c4 Qe4+ 8.
Be3 cxd4 9. Bxd7+ Nbxd7 10. Qxd4 Bb4+ 11. Nc3 e5 12. Qxe4 Nxe4 13. Bd2 Bxc3 14.
Bxc3 Nxc3 15. bxc3 Rc8 16. O-O-O f6 17. Nd2 Nb6 18. Kc2 Nxc4 19. Nxc4 Rxc4 20.
Kb3 Rc7 21. Rhe1 Rd7 22. Rd4 Kd8 23. Ra4 a6 24. Rc4 Re8 25. Kc2 Rd6 26. Rh4 h6
27. Rhe4 Kd7 28. Rb4 b6 29. Ra4 a5 30. Rg4 g5 31. Rg3 h5 32. Rh3 h4 33. g3 hxg3
34. hxg3 Rd8 35. Re2 Ke6 36. f4 Kf5 37. fxe5 fxe5 38. Rhh2 Re8 39. Rhf2+ Kg4
40. Re4+ Kxg3 41. Rf5 Rg6 42. Kd3 0-1

[Event "Cto Aragón Equipos Div Honor Gr II"]
[Site "Aragon"]
[Date "2014.02.08"]
[Round "3.30"]
[White "Glavina, Pablo"]
[Black "Guzman Moneo, Alberto"]
[Result "1-0"]
[WhiteElo "2444"]
[BlackElo "2170"]
[PlyCount "66"]
[EventDate "2014.??.??"]
[EventCountry "ESP"]
[WhiteTeam "St. Casablanca"]
[BlackTeam "Helios"]

1. e4 e6 2. d4 d5 3. Nd2 Be7 4. Ngf3 Nf6 5. e5 Nfd7 6. Bd3 c5 7. c3 Nc6 8. O-O
cxd4 9. cxd4 Qb6 10. Nb3 a5 11. a4 Nb4 12. Bb1 Qd8 13. Be3 Nb6 14. Nfd2 Bd7 15.
Nc5 Bc6 16. Qg4 g6 17. b3 Nd7 18. Nxe6 fxe6 19. Bxg6+ hxg6 20. Qxg6+ Kf8 21.
Rae1 Bh4 22. Bh6+ Rxh6 23. Qxh6+ Ke8 24. Qh5+ Kf8 25. Re3 Qg5 26. Qh8+ Ke7 27.
Qxa8 Nc2 28. Rd3 Qg6 29. Rh3 Nxd4 30. Rxh4 Ne2+ 31. Kh1 d4 32. f3 Nxe5 33. Rh8
Nd7 1-0

[Event "Cto Aragón Equipos Div Honor Gr II"]
[Site "Aragon"]
[Date "2014.02.08"]
[Round "3.31"]
[White "Navarro Alonso, Jorge"]
[Black "Lopez Gracia, Fernando"]
[Result "1/2-1/2"]
[WhiteElo "2153"]
[BlackElo "2354"]
[PlyCount "53"]
[EventDate "2014.??.??"]
[EventCountry "ESP"]
[WhiteTeam "Helios"]
[BlackTeam "St. Casablanca"]

1. e4 c5 2. Nc3 Nc6 3. Nf3 g6 4. d4 cxd4 5. Nxd4 Bg7 6. Be3 Nf6 7. Bc4 Qa5 8.
O-O O-O 9. Nb3 Qc7 10. Be2 d6 11. f4 b6 12. g4 Bb7 13. g5 Nd7 14. Nd5 Qd8 15.
f5 Bxb2 16. Rb1 Be5 17. f6 e6 18. Nf4 Nc5 19. Bd3 Nb4 20. a3 Na2 21. Qg4 Nc3
22. Nxc5 dxc5 23. Qh4 Bxf4 24. Qh6 Qxf6 25. Rxf4 Qg7 26. Rb3 Qxh6 27. gxh6
1/2-1/2

[Event "Cto Aragón Equipos Div Honor Gr II"]
[Site "Aragon"]
[Date "2014.02.08"]
[Round "3.32"]
[White "Quintin Navarro, Alberto"]
[Black "Montes Santos, Lorenzo"]
[Result "1-0"]
[WhiteElo "2320"]
[BlackElo "2049"]
[PlyCount "105"]
[EventDate "2014.??.??"]
[EventCountry "ESP"]
[WhiteTeam "St. Casablanca"]
[BlackTeam "Helios"]

1. d4 Nf6 2. Nf3 b6 3. c4 Bb7 4. Nc3 d6 5. g3 g6 6. Bg2 Bg7 7. O-O Ne4 8. Qc2
Nxc3 9. Qxc3 Nd7 10. Be3 O-O 11. Qd2 c5 12. Bh6 cxd4 13. Bxg7 Kxg7 14. Qxd4+
Kg8 15. b3 Rc8 16. a4 Nc5 17. Qh4 Bxf3 18. Bxf3 Nxb3 19. Rad1 Qc7 20. Qh6 e6
21. h4 Qxc4 22. h5 Nd4 23. Kg2 Nxf3 24. exf3 Qc3 25. Rxd6 Qg7 26. Qd2 Rc5 27.
h6 Qf6 28. Rd1 Qg5 29. Rd7 Qxd2 30. R1xd2 Ra5 31. Rd8 Rh5 32. R8d7 a5 33. g4
Rxh6 34. Rb7 g5 35. Rxb6 Rf6 36. Rb5 h6 37. Rxa5 Rc8 38. Re5 Rc3 39. Re3 Rc4
40. Ra2 Rff4 41. a5 Ra4 42. Rea3 Rxa3 43. Rxa3 Rc4 44. a6 Rc8 45. f4 gxf4 46.
Kf3 Kg7 47. Kxf4 Kf6 48. a7 Ra8 49. Kg3 e5 50. Kh4 Kg6 51. Ra5 h5 52. Ra6+ f6
53. gxh5+ 1-0

[Event "Cto Aragón Equipos Pref Gr I"]
[Site "Aragón"]
[Date "2014.02.08"]
[Round "3.33"]
[White "Soriano Ascaso, Ignacio"]
[Black "Gracia Suarez, Jesus"]
[Result "1-0"]
[WhiteElo "2134"]
[BlackElo "2115"]
[PlyCount "99"]
[EventDate "2014.??.??"]
[EventRounds "9"]
[EventCountry "ESP"]
[WhiteTeam "Sabiñanigo"]
[BlackTeam "Sta Isabel"]

1. e4 c5 2. Nf3 Nc6 3. d4 cxd4 4. Nxd4 Nf6 5. Nc3 d6 6. h3 g6 7. g3 Bg7 8. Bg2
O-O 9. Nde2 Bd7 10. O-O Rc8 11. a4 a6 12. Nd5 Ne5 13. Ra2 Bc6 14. b3 e6 15.
Nxf6+ Bxf6 16. Ba3 Be7 17. f4 Qb6+ 18. Qd4 Nd7 19. Qxb6 Nxb6 20. Rd1 Rcd8 21.
c4 Nc8 22. Rad2 b6 23. Nd4 Ba8 24. Nc2 Rfe8 25. Bb4 Rd7 26. e5 Bxg2 27. Kxg2
Red8 28. a5 d5 29. axb6 Nxb6 30. c5 Na8 31. Ba5 Rc8 32. b4 Bd8 33. Ra1 Bxa5 34.
Rxa5 Nc7 35. g4 Rb8 36. Rd3 Rb5 37. Rxb5 Nxb5 38. Kf3 Rc7 39. Na3 Nxa3 40. Rxa3
Rb7 41. Ra4 Rb5 42. Ke3 Kf8 43. Kd4 Ke7 44. Kc3 a5 45. Rxa5 Rxa5 46. bxa5 Kd7
47. a6 Kc7 48. g5 Kc6 49. Kb4 Kc7 50. Kb5 1-0